[Event "Olympiad-44"]
[Site "Chennai"]
[Date "2022.08.05"]
[Round "7.4"]
[White "Haria, Ravi"]
[Black "Diamant, Andre"]
[Result "0-1"]
[WhiteElo "2505"]
[BlackElo "2538"]
[PlyCount "122"]
[EventDate "2022.07.29"]
[EventType "team-swiss"]
[EventRounds "11"]
[EventCountry "IND"]
[SourceTitle "CBM 210"]
[Source "ChessBase"]
[SourceDate "2022.10.31"]
[SourceVersion "1"]
[SourceVersionDate "2022.10.31"]
[SourceQuality "1"]
[WhiteTeam "England"]
[BlackTeam "Brazil"]
[WhiteTeamCountry "ENG"]
[BlackTeamCountry "BRA"]

1. e4 e5 2. Nf3 Nf6 3. Nxe5 d6 4. Nf3 Nxe4 5. Bd3 Nf6 6. 0-0 Be7 7. c3 0-0 8. Re1 Bg4 9. Be2 Nbd7 10. d4 c6 11. h3 Bh5 12. Bf4 Re8 13. Nbd2 d5 14. Ne5 Bxe2 15. Rxe2 Bf8 16. Qc2 Nxe5 17. dxe5 Nd7 18. Rae1 Nc5 19. Bg3 a5 20. Kh1 Qg5 21. c4 Rac8 22. Nf3 Qh5 23. cxd5 cxd5 24. Qd1 a4 25. Rd2 a3 26. bxa3 Ne4 27. Rc2 Rxc2 28. Qxc2 Bc5 29. Rd1 Qg6 30. Kh2 Nxf2 31. Qxg6 hxg6 32. Rxd5 Ne4 33. Bf4 Bxa3 34. Be3 Bf8 35. Rd7 b5 36. Rb7 b4 37. Bd4 Ra8 38. h4 Nc3 39. Bxc3 bxc3 40. Rc7 Bb4 41. Kg3 Kf8 42. Rc4 Ba5 43. Kf4 Rb8 44. Rc5 Rb4+ 45. Kg3 Ra4 46. e6 fxe6 47. Ne5 Rxa2 48. Nc6 Bc7+ 49. Kf3 Rf2+ 50. Kxf2 Bb6 51. Ke2 Bxc5 52. Kd3 Bf2 53. Ne5 g5 54. hxg5 Be1 55. Nf3 Bd2 56. Nd4 Kf7 57. g3 Bxg5 58. Nf3 Bf6 59. g4 Kg6 60. Ke3 e5 61. g5 Bxg5+ 0-1

[Event "London Wood Green"]
[Site "London"]
[Date "2022.07.19"]
[Round "9"]
[White "Wall, Tim"]
[Black "Haria, Ravi"]
[Result "0-1"]
[WhiteElo "2309"]
[BlackElo "2505"]
[PlyCount "72"]
[EventDate "2022.07.14"]
[EventType "tourn"]
[EventRounds "9"]
[EventCountry "ENG"]
[EventCategory "6"]
[SourceTitle "CBM 209 Extra"]
[Source "ChessBase"]
[SourceDate "2022.09.30"]
[SourceVersion "1"]
[SourceVersionDate "2022.09.30"]
[SourceQuality "1"]

1. d4 e6 2. Nc3 d5 3. Bf4 Nf6 4. Nb5 Bb4+ 5. c3 Ba5 6. e3 a6 7. Na3 Nbd7 8. Nf3 0-0 9. Bd3 c5 10. Ne5 Bc7 11. Qf3 Nxe5 12. dxe5 Nd7 13. Qg3 Bb8 14. 0-0-0 f6 15. Qh3 f5 16. Qg3 b5 17. Kb1 Qb6 18. h4 b4 19. cxb4 Qxb4 20. Nc2 Qb6 21. h5 Bc7 22. h6 g6 23. Ka1 Rb8 24. Rb1 a5 25. Ne1 Ba6 26. Bc2 a4 27. Bxa4 Bb5 28. Bxb5 Qxb5 29. Nc2 Ra8 30. Qh4 Bd8 31. Bg5 Ra4 32. f4 Ba5 33. Qf2 Rb8 34. g4 Rxa2+ 35. Kxa2 Qb3+ 36. Ka1 Bc3 0-1

[Event "London Wood Green"]
[Site "London"]
[Date "2022.07.18"]
[Round "8"]
[White "Haria, Ravi"]
[Black "McPhillips, Joseph"]
[Result "1-0"]
[WhiteElo "2505"]
[BlackElo "2414"]
[PlyCount "75"]
[EventDate "2022.07.14"]
[EventType "tourn"]
[EventRounds "9"]
[EventCountry "ENG"]
[EventCategory "6"]
[SourceTitle "CBM 209 Extra"]
[Source "ChessBase"]
[SourceDate "2022.09.30"]
[SourceVersion "1"]
[SourceVersionDate "2022.09.30"]
[SourceQuality "1"]

1. e4 e5 2. Nf3 Nc6 3. Bc4 Nf6 4. d3 Be7 5. 0-0 0-0 6. Nc3 d6 7. a4 Be6 8. Nd5 Bxd5 9. exd5 Nb4 10. d4 e4 11. Nd2 c6 12. dxc6 bxc6 13. c3 Nbd5 14. Bxd5 cxd5 15. Re1 Rb8 16. Nf1 Ne8 17. Ne3 Nc7 18. b4 Qd7 19. f4 f5 20. Rf1 Kh8 21. Ra2 Qe6 22. Kh1 Rf7 23. g4 fxg4 24. f5 Qf6 25. Qxg4 Qh4 26. Rg2 Qxg4 27. Rxg4 g6 28. Kg2 Rg8 29. fxg6 Rxf1 30. Kxf1 Rxg6 31. Rxg6 hxg6 32. b5 Kg8 33. Nc2 a5 34. Ne3 Bg5 35. Nxd5 Nxd5 36. Bxg5 Nb6 37. Bd8 Nxa4 38. Bxa5 1-0

[Event "London Wood Green"]
[Site "London"]
[Date "2022.07.14"]
[Round "1"]
[White "Haria, Ravi"]
[Black "Murphy, Conor"]
[Result "1-0"]
[WhiteElo "2505"]
[BlackElo "2404"]
[PlyCount "105"]
[EventDate "2022.07.14"]
[EventType "tourn"]
[EventRounds "9"]
[EventCountry "ENG"]
[EventCategory "6"]
[SourceTitle "CBM 209 Extra"]
[Source "ChessBase"]
[SourceDate "2022.09.30"]
[SourceVersion "1"]
[SourceVersionDate "2022.09.30"]
[SourceQuality "1"]

1. e4 e5 2. Nf3 Nc6 3. Bc4 Nf6 4. d3 Bc5 5. c3 d6 6. 0-0 h6 7. Re1 0-0 8. h3 a5 9. Nbd2 Be6 10. Bxe6 fxe6 11. Nb3 Ba7 12. Be3 Bxe3 13. Rxe3 a4 14. Nbd2 d5 15. a3 d4 16. cxd4 exd4 17. Re1 Nd7 18. Rc1 Qe7 19. Qe2 Ra5 20. Rc2 Rb5 21. g3 Nc5 22. Rf1 Qf6 23. Ne1 Nb3 24. Nxb3 axb3 25. Rc1 Qg5 26. Ng2 Rc5 27. Rxc5 Qxc5 28. f4 b5 29. Qd1 Na5 30. Nh4 Rf6 31. Nf3 b4 32. axb4 Qxb4 33. Qd2 Qxd2 34. Nxd2 e5 35. Rc1 exf4 36. gxf4 Rxf4 37. Rc5 Nb7 38. Rxc7 Nd6 39. Rd7 Nf7 40. Rxd4 Ne5 41. Kg2 Rf8 42. Kg3 Rc8 43. Rd5 Rc2 44. Nxb3 Nf7 45. Nc5 Rxb2 46. e5 Re2 47. d4 Ng5 48. h4 Ne4+ 49. Kf3 Nc3 50. Rd7 Rh2 51. e6 Kf8 52. d5 Rxh4 53. d6 1-0

[Event "Bundesliga 2122"]
[Site "Germany"]
[Date "2022.07.07"]
[Round "11.3"]
[White "Van Foreest, Jorden"]
[Black "Haria, Ravi"]
[Result "1-0"]
[WhiteElo "2714"]
[BlackElo "2499"]
[PlyCount "199"]
[EventDate "2022.03.05"]
[EventType "team-tourn"]
[EventRounds "15"]
[EventCountry "GER"]
[SourceTitle "CBM 209 Extra"]
[Source "ChessBase"]
[SourceDate "2022.09.30"]
[SourceVersion "1"]
[SourceVersionDate "2022.09.30"]
[SourceQuality "1"]
[WhiteTeam "Solingen"]
[BlackTeam "Duesseldorf"]
[WhiteTeamCountry "GER"]
[BlackTeamCountry "GER"]

1. Nf3 d5 2. g3 Nf6 3. Bg2 e6 4. 0-0 Be7 5. d4 0-0 6. Ne5 Nbd7 7. c4 c6 8. Nc3 Nxe5 9. dxe5 Nd7 10. cxd5 cxd5 11. e4 dxe4 12. Qh5 Qa5 13. Nxe4 Qxe5 14. Qe2 Nf6 15. Bf4 Qa5 16. Rfd1 e5 17. Bd2 Qb6 18. Be3 Qe6 19. Rac1 Bd7 20. Nxf6+ Bxf6 21. Bxb7 Rab8 22. Rc7 Rbd8 23. Bd5 Qh3 24. Bc5 Rfe8 25. Bg2 Qg4 26. Qxg4 Bxg4 27. Rxd8 Rxd8 28. h3 Be6 29. Rxa7 h5 30. b4 h4 31. gxh4 Bxh4 32. b5 Rd1+ 33. Kh2 Bg5 34. Be3 Bxe3 35. fxe3 Rd2 36. Kg3 Rb2 37. a4 f5 38. Re7 Bb3 39. b6 Bxa4 40. b7 e4 41. Bf1 Bc6 42. Ba6 g5 43. Rc7 Bxb7 44. Bxb7 Re2 45. Bd5+ Kh8 46. Be6 Rxe3+ 47. Kg2 f4 48. Bf5 Re2+ 49. Kf1 f3 50. Re7 e3 51. Bd3 Rh2 52. Rxe3 Rxh3 53. Bf5 Rh4 54. Kf2 Kg7 55. Bd3 Rf4 56. Re6 Rf6 57. Re5 Kh6 58. Bf5 Rb6 59. Re7 g4 60. Bxg4 Kg5 61. Bxf3 Rb2+ 62. Kg3 Rb4 63. Re5+ Kf6 64. Rc5 Ra4 65. Be2 Re4 66. Kf3 Re5 67. Rc2 Ke6 68. Bd3 Kd6 69. Kf4 Ra5 70. Be4 Rc5 71. Rd2+ Ke6 72. Rh2 Kf6 73. Rh6+ Ke7 74. Bc6 Ra5 75. Ke4 Rc5 76. Bd5 Rc7 77. Bc6 Kd8 78. Kd5 Re7 79. Rh8+ Kc7 80. Ra8 Re1 81. Ra7+ Kb6 82. Rb7+ Ka5 83. Rb5+ Ka6 84. Kd6 Rg1 85. Rb2 Rg5 86. Bd5 Rg3 87. Bc4+ Ka7 88. Bb5 Rg6+ 89. Kc7 Rg7+ 90. Bd7 Rg6 91. Bc6 Rg7+ 92. Kd6 Rg3 93. Rb4 Rg1 94. Bd5 Rc1 95. Bc4 Rg1 96. Kc5 Rg5+ 97. Bd5 Rg6 98. Rb7+ Ka6 99. Rh7 Rg5 100. Rh3 1-0

[Event "Bundesliga 2122"]
[Site "Germany"]
[Date "2022.04.10"]
[Round "4.3"]
[White "Haria, Ravi"]
[Black "Vachier Lagrave, Maxime"]
[Result "1/2-1/2"]
[WhiteElo "2499"]
[BlackElo "2761"]
[PlyCount "44"]
[EventDate "2022.03.05"]
[EventType "team-tourn"]
[EventRounds "15"]
[EventCountry "GER"]
[SourceTitle "EXT 2023"]
[Source "ChessBase"]
[SourceDate "2022.10.05"]
[SourceVersion "1"]
[SourceVersionDate "2022.10.05"]
[SourceQuality "1"]
[WhiteTeam "Duesseldorf"]
[BlackTeam "Baden-Baden"]
[WhiteTeamCountry "GER"]
[BlackTeamCountry "GER"]

1. e4 c5 2. Nf3 d6 3. Bb5+ Bd7 4. Bxd7+ Qxd7 5. 0-0 Nc6 6. c3 d5 7. exd5 Qxd5 8. d4 e6 9. Be3 Nf6 10. dxc5 0-0-0 11. Qxd5 Nxd5 12. b4 Be7 13. a3 Bf6 14. Ra2 Rd7 15. Nd4 Nxc3 16. Nxc3 Bxd4 17. Ne4 Bxe3 18. fxe3 Ne5 19. Kf2 f6 20. Ke2 Rhd8 21. Nd6+ Kb8 22. Rc2 b6 1/2-1/2

[Event "Bundesliga 2122"]
[Site "Germany"]
[Date "2022.04.09"]
[Round "3.4"]
[White "Keymer, Vincent"]
[Black "Haria, Ravi"]
[Result "1-0"]
[WhiteElo "2655"]
[BlackElo "2499"]
[PlyCount "113"]
[EventDate "2022.03.05"]
[EventType "team-tourn"]
[EventRounds "15"]
[EventCountry "GER"]
[SourceTitle "EXT 2023"]
[Source "ChessBase"]
[SourceDate "2022.10.05"]
[SourceVersion "1"]
[SourceVersionDate "2022.10.05"]
[SourceQuality "1"]
[WhiteTeam "Deizisau"]
[BlackTeam "Duesseldorf"]
[WhiteTeamCountry "GER"]
[BlackTeamCountry "GER"]

1. c4 e6 2. Nc3 Nf6 3. e4 c5 4. e5 Ng8 5. Nf3 Nc6 6. d4 cxd4 7. Nxd4 Nxe5 8. Ndb5 a6 9. Nd6+ Bxd6 10. Qxd6 f6 11. Be3 Ne7 12. Bb6 Nf5 13. Qb4 Nc6 14. Qc5 d6 15. Bxd8 dxc5 16. Bb6 Ne5 17. Bxc5 g5 18. Be2 h5 19. Ne4 Kf7 20. 0-0 Bd7 21. b4 Bc6 22. Nd6+ Nxd6 23. Bxd6 Ng6 24. b5 axb5 25. cxb5 Bd5 26. Rfc1 Nf4 27. Bf1 h4 28. a4 e5 29. Rc7+ Kg6 30. f3 Rad8 31. Bb4 h3 32. g3 Ne6 33. Rc3 e4 34. fxe4 Bxe4 35. Re3 f5 36. Bc3 Nd4 37. Bxd4 Rxd4 38. a5 g4 39. a6 bxa6 40. bxa6 Ra8 41. a7 Rd7 42. Rea3 Rc7 43. Be2 Rc2 44. Bf1 Rc7 45. R3a2 Kg5 46. Ra5 Kf6 47. Ra6+ Kg5 48. R6a2 Bd5 49. Ra5 Be4 50. Be2 Rc2 51. Kf2 Bf3 52. R1a2 Rxa2 53. Rxa2 Be4 54. Ra5 Rc8 55. Bd3 Bxd3 56. a8Q Rxa8 57. Rxa8 1-0

[Event "Gibraltar Battle of the Sexes"]
[Site "Gibraltar"]
[Date "2022.02.03"]
[Round "10.7"]
[White "Haria, Ravi"]
[Black "Girya, Olga"]
[Result "1-0"]
[WhiteElo "2490"]
[BlackElo "2405"]
[PlyCount "105"]
[EventDate "2022.01.24"]
[EventType "schev"]
[EventRounds "10"]
[EventCountry "GGB"]
[SourceTitle "CBM 206 Extra"]
[Source "ChessBase"]
[SourceDate "2022.03.31"]
[SourceVersion "1"]
[SourceVersionDate "2022.03.31"]
[SourceQuality "1"]
[WhiteTeam "Men"]
[BlackTeam "Women"]
[WhiteTeamCountry "ENG"]
[BlackTeamCountry "ENG"]

1. e4 e5 2. Nf3 Nc6 3. Bb5 a6 4. Ba4 Nf6 5. 0-0 Nxe4 6. d4 b5 7. Bb3 d5 8. dxe5 Be6 9. c3 Be7 10. Bc2 Bg4 11. Qe1 Bxf3 12. gxf3 Nc5 13. b4 Ne6 14. f4 g6 15. Qe2 Bf8 16. a4 Rb8 17. axb5 axb5 18. Kh1 Qh4 19. Qf3 Ne7 20. Qg3 Qh5 21. f3 Nf5 22. Qg4 Qh6 23. Na3 Qg7 24. Bd2 h5 25. Qh3 Qh7 26. Bd3 c6 27. Nc2 Bh6 28. Bxf5 gxf5 29. Nd4 Nxd4 30. cxd4 Qg6 31. Rg1 Qe6 32. Qxh5 Kf8 33. Ra7 Bg7 34. Qg5 Rh7 35. Rga1 Qh6 36. Qxh6 Rxh6 37. Rc7 Kg8 38. Raa7 Rf8 39. Be1 Bh8 40. Kg2 Bg7 41. Bg3 Rg6 42. Ra6 Re8 43. Rcxc6 Rxc6 44. Rxc6 Rb8 45. Be1 Bf8 46. Rc7 Ra8 47. Rb7 Ra2+ 48. Kg3 Ra1 49. Bf2 Bxb4 50. Rxb5 Bd2 51. Rxd5 Kg7 52. Rd6 Ra2 53. h4 1-0

[Event "Gibraltar Battle of the Sexes"]
[Site "Gibraltar"]
[Date "2022.01.31"]
[Round "7.10"]
[White "Efroimski, Marsel"]
[Black "Haria, Ravi"]
[Result "0-1"]
[WhiteElo "2437"]
[BlackElo "2490"]
[PlyCount "130"]
[EventDate "2022.01.24"]
[EventType "schev"]
[EventRounds "10"]
[EventCountry "GGB"]
[SourceTitle "CBM 206 Extra"]
[Source "ChessBase"]
[SourceDate "2022.03.31"]
[SourceVersion "1"]
[SourceVersionDate "2022.03.31"]
[SourceQuality "1"]
[WhiteTeam "Women"]
[BlackTeam "Men"]
[WhiteTeamCountry "ENG"]
[BlackTeamCountry "ENG"]

1. e4 e5 2. Nf3 Nc6 3. Bc4 Bc5 4. c3 Nf6 5. d3 h6 6. 0-0 d6 7. b4 Bb6 8. a4 a5 9. b5 Ne7 10. Nbd2 0-0 11. Bb3 Ng6 12. Nc4 Bc5 13. h3 Re8 14. Bd2 Be6 15. Re1 Nh5 16. d4 exd4 17. cxd4 Bb4 18. Bxb4 axb4 19. d5 Bc8 20. e5 dxe5 21. Nfxe5 Nxe5 22. Nxe5 Qg5 23. Nf3 Rxe1+ 24. Qxe1 Qg6 25. Ne5 Qd6 26. Nd3 Bxh3 27. Qe5 Qg6 28. Ne1 Bf5 29. Rc1 Nf6 30. Rxc7 Ng4 31. Qe7 Rf8 32. d6 Nf6 33. Nf3 Bh3 34. Ne1 Bd7 35. Bc2 Qg4 36. Bb3 Qg6 37. Bc2 Qg4 38. Bb3 Qf5 39. Bc2 Qd5 40. Rxd7 Nxd7 41. Qxd7 b3 42. Bd3 b2 43. Qf5 Qxf5 44. Bxf5 Rd8 45. Kf1 Rxd6 46. Ke2 Rd4 47. Nf3 g6 48. Bb1 Rxa4 49. Kd3 Kg7 50. Kc3 Rf4 51. Kd2 Rb4 52. Kc3 Rxb5 53. Nd4 Rb6 54. Nb3 Re6 55. Nd4 Re1 56. Kxb2 Rf1 57. Be4 Rxf2+ 58. Kc3 b6 59. Bf3 Kf6 60. Ne2 Ke5 61. Nc1 Rxf3+ 62. gxf3 Kf4 63. Nd3+ Kxf3 64. Ne5+ Kg3 65. Nxf7 h5 0-1

[Event "LCC English Rapid 12th"]
[Site "London"]
[Date "2021.12.11"]
[Round "3"]
[White "McShane, Luke J"]
[Black "Haria, Ravi"]
[Result "1-0"]
[WhiteElo "2655"]
[BlackElo "2490"]
[PlyCount "91"]
[EventDate "2021.12.11"]
[EventType "tourn (rapid)"]
[EventRounds "9"]
[EventCountry "ENG"]
[EventCategory "11"]
[SourceTitle "CBM 205 Extra"]
[Source "ChessBase"]
[SourceDate "2022.01.31"]
[SourceVersion "1"]
[SourceVersionDate "2022.01.31"]
[SourceQuality "1"]

1. e4 e6 2. d4 d5 3. e5 c5 4. c3 Qb6 5. Nf3 Nc6 6. Be2 cxd4 7. cxd4 Nh6 8. Bd3 Nf5 9. Bxf5 exf5 10. Nc3 Be6 11. h4 h6 12. Ne2 Rc8 13. 0-0 Be7 14. g3 Kd7 15. Kg2 Kc7 16. Rb1 Kb8 17. b4 Rcg8 18. Rh1 Qd8 19. Bd2 g5 20. Qa4 Ka8 21. b5 Nb8 22. hxg5 hxg5 23. Rxh8 Rxh8 24. Rh1 Rxh1 25. Kxh1 f4 26. gxf4 Qh8+ 27. Kg1 Qh5 28. Qb3 Qg4+ 29. Kf1 Qh3+ 30. Ke1 Qh1+ 31. Nfg1 gxf4 32. Bxf4 Nd7 33. Kf1 Nb6 34. Qg3 Qh7 35. Kg2 Nd7 36. Bg5 Bb4 37. Qh4 Qg7 38. Ng3 b6 39. N1e2 Kb7 40. a4 a6 41. Nf4 axb5 42. axb5 Nf8 43. Be7 Bd2 44. Bd6 Bxf4 45. Qd8 Nd7 46. Qc7+ 1-0

[Event "EU-chT 23rd"]
[Site "Terme Catez"]
[Date "2021.11.20"]
[Round "8.4"]
[White "Hansen, Sune Berg"]
[Black "Haria, Ravi"]
[Result "1/2-1/2"]
[WhiteElo "2543"]
[BlackElo "2497"]
[PlyCount "103"]
[EventDate "2021.11.12"]
[EventType "team-swiss"]
[EventRounds "9"]
[EventCountry "SLO"]
[SourceTitle "CBM 205"]
[Source "ChessBase"]
[SourceDate "2021.12.31"]
[SourceVersion "1"]
[SourceVersionDate "2021.12.31"]
[SourceQuality "1"]
[WhiteTeam "Denmark"]
[BlackTeam "England"]
[WhiteTeamCountry "DEN"]
[BlackTeamCountry "ENG"]

1. d4 e6 2. c4 Nf6 3. Nc3 Bb4 4. e3 0-0 5. Bd3 d5 6. Nge2 dxc4 7. Bxc4 b6 8. 0-0 Bb7 9. a3 Bd6 10. Ng3 c5 11. dxc5 Bxc5 12. Qe2 Nbd7 13. Rd1 Qe7 14. b4 Bd6 15. Bb2 a6 16. b5 a5 17. Na4 Rab8 18. Nh5 Ba8 19. Bd3 Be5 20. Nxf6+ Bxf6 21. Bxh7+ Kxh7 22. Qd3+ Kg8 23. Qxd7 Bd5 24. Qxe7 Bxe7 25. Be5 Rb7 26. Rdc1 Bb3 27. Nb2 f6 28. Rc7 Rxc7 29. Bxc7 a4 30. Bxb6 Rb8 31. Bd4 Rxb5 32. h3 e5 33. Bc3 Rb7 34. Nd3 Rd7 35. Bb4 Rxd3 36. Bxe7 Kf7 37. Bb4 Rd1+ 38. Rxd1 Bxd1 39. Kf1 Bb3 40. Ke2 e4 41. h4 g6 42. Kd2 f5 43. Kc3 Ke6 44. Kd4 Bd1 45. Bc3 Be2 46. Ba5 Bd1 47. Bd8 Be2 48. Kc5 Bd1 49. Kc6 Be2 50. Bg5 Bf1 51. Bf4 Be2 52. Kc5 1/2-1/2

[Event "EU-chT 23rd"]
[Site "Terme Catez"]
[Date "2021.11.18"]
[Round "6.4"]
[White "Haria, Ravi"]
[Black "Kurmann, Oliver"]
[Result "1/2-1/2"]
[WhiteElo "2497"]
[BlackElo "2458"]
[PlyCount "138"]
[EventDate "2021.11.12"]
[EventType "team-swiss"]
[EventRounds "9"]
[EventCountry "SLO"]
[SourceTitle "CBM 205"]
[Source "ChessBase"]
[SourceDate "2021.12.31"]
[SourceVersion "1"]
[SourceVersionDate "2021.12.31"]
[SourceQuality "1"]
[WhiteTeam "England"]
[BlackTeam "Switzerland"]
[WhiteTeamCountry "ENG"]
[BlackTeamCountry "SUI"]

1. e4 c5 2. Nf3 e6 3. Nc3 Nc6 4. Bb5 Nd4 5. 0-0 a6 6. Bd3 Nc6 7. Nd5 Bd6 8. Ne3 Bc7 9. c3 d5 10. exd5 exd5 11. Re1 Nge7 12. b4 c4 13. Bc2 0-0 14. d3 b5 15. dxc4 dxc4 16. Qe2 Qd6 17. a4 Rb8 18. axb5 axb5 19. Rd1 Qf6 20. Nd5 Nxd5 21. Rxd5 Nxb4 22. Rd4 Nxc2 23. Qxc2 h6 24. Be3 Bb7 25. Rd7 Qc6 26. Rad1 Rbe8 27. R7d4 Re4 28. Rxe4 Qxe4 29. Qxe4 Bxe4 30. Nd4 Rb8 31. f3 Bd3 32. Nc6 Ra8 33. Na7 Rb8 34. Nc6 Re8 35. Kf2 Bxh2 36. Nb4 Bg3+ 37. Kxg3 Rxe3 38. Kf4 Re2 39. Kg3 Re3 40. Kf4 Re2 41. Kg3 Bg6 42. Rd8+ Kh7 43. Rb8 Rb2 44. Nd5 Bd3 45. Rb7 Bf5 46. Ne3 Be6 47. f4 g6 48. Kf3 Rb3 49. g4 Rxc3 50. Ke4 Kg7 51. f5 Rxe3+ 52. Kxe3 gxf5 53. gxf5 Bxf5 54. Rxb5 Kg6 55. Kf4 Bd3 56. Rc5 f6 57. Rc7 Kh5 58. Rc6 f5 59. Rc7 Kh4 60. Rd7 h5 61. Rg7 Kh3 62. Ke3 h4 63. Rg8 Kh2 64. Rh8 h3 65. Kf2 c3 66. Rc8 c2 67. Rc7 Be4 68. Rc5 Bd3 69. Rc7 Be4 1/2-1/2

[Event "EU-Cup 36th"]
[Site "Struga"]
[Date "2021.09.24"]
[Round "7.1"]
[White "Stefanovski, Dushan"]
[Black "Haria, Ravi"]
[Result "0-1"]
[WhiteElo "2222"]
[BlackElo "2465"]
[PlyCount "124"]
[EventDate "2021.09.18"]
[EventType "team-swiss"]
[EventRounds "7"]
[EventCountry "MKD"]
[SourceTitle "CBM 204 Extra"]
[Source "ChessBase"]
[SourceDate "2021.11.30"]
[SourceVersion "1"]
[SourceVersionDate "2021.11.30"]
[SourceQuality "1"]
[WhiteTeam "Gostivar"]
[BlackTeam "Gonzaga"]
[WhiteTeamCountry "MKD"]
[BlackTeamCountry "IRL"]

1. e4 e5 2. Nc3 Nc6 3. g3 Bc5 4. Bg2 Nf6 5. Nge2 a6 6. h3 0-0 7. 0-0 Re8 8. d3 Nd4 9. Be3 c6 10. Na4 Ba7 11. c3 Nxe2+ 12. Qxe2 d6 13. Bxa7 Rxa7 14. Qe3 c5 15. c4 b5 16. Nc3 Qa5 17. Qd2 Nd7 18. f4 Nb8 19. f5 f6 20. g4 Rf8 21. Rf2 Nc6 22. Nd5 Qxd2 23. Rxd2 Nd4 24. Rc1 Bb7 25. Ne3 Bc6 26. Kf2 Rb8 27. Nc2 bxc4 28. Nxd4 exd4 29. Rxc4 Rab7 30. Rcc2 Ba4 31. b3 Bc6 32. Bf3 a5 33. Bd1 Kf8 34. Rc1 a4 35. Kf3 Be8 36. Ke2 Ke7 37. Ke1 Kd8 38. Rg2 Bf7 39. bxa4 Rb2 40. Rd2 Rxd2 41. Kxd2 Kc7 42. h4 Rb2+ 43. Rc2 Rxa2 44. Rxa2 Bxa2 45. Kc2 Kb6 46. Kb2 Bf7 47. Bb3 Be8 48. g5 Ka5 49. Ka3 Bc6 50. Bc2 d5 51. e5 fxe5 52. h5 Be8 53. Bd1 c4 54. dxc4 dxc4 55. g6 hxg6 56. fxg6 Bc6 57. Bc2 d3 58. Bd1 e4 59. Bg4 Bd5 60. Kb2 e3 61. Kc3 e2 62. Kd2 c3+ 0-1

[Event "EU-Cup 36th"]
[Site "Struga"]
[Date "2021.09.21"]
[Round "4.1"]
[White "Haria, Ravi"]
[Black "Berkes, Ferenc"]
[Result "1/2-1/2"]
[WhiteElo "2465"]
[BlackElo "2671"]
[PlyCount "62"]
[EventDate "2021.09.18"]
[EventType "team-swiss"]
[EventRounds "7"]
[EventCountry "MKD"]
[SourceTitle "CBM 204 Extra"]
[Source "ChessBase"]
[SourceDate "2021.11.30"]
[SourceVersion "1"]
[SourceVersionDate "2021.11.30"]
[SourceQuality "1"]
[WhiteTeam "Gonzaga"]
[BlackTeam "XtraCon Team"]
[WhiteTeamCountry "IRL"]
[BlackTeamCountry "DEN"]

1. e4 e5 2. Nf3 Nc6 3. Bc4 Nf6 4. d3 Bc5 5. 0-0 a6 6. c3 Ba7 7. h3 0-0 8. Re1 d6 9. Bb3 h6 10. Nbd2 Re8 11. Nf1 Be6 12. Ng3 d5 13. exd5 Bxd5 14. Bc2 Qd6 15. Nh4 Ne7 16. Be3 Bxe3 17. Rxe3 Bc6 18. Ngf5 Nxf5 19. Nxf5 Qd7 20. d4 e4 21. Ng3 b5 22. Qd2 Re7 23. Rae1 Rae8 24. R3e2 Qd5 25. b3 e3 26. fxe3 Qg5 27. Nf1 Be4 28. Rf2 c5 29. Bd1 Bb7 30. Bf3 Ne4 31. Bxe4 Rxe4 1/2-1/2

[Event "EU-Cup 36th"]
[Site "Struga"]
[Date "2021.09.19"]
[Round "2.18"]
[White "Haria, Ravi"]
[Black "Bosboom, Manuel"]
[Result "1-0"]
[WhiteElo "2465"]
[BlackElo "2395"]
[PlyCount "47"]
[EventDate "2021.09.18"]
[EventType "team-swiss"]
[EventRounds "7"]
[EventCountry "MKD"]
[SourceTitle "CBM 204 Extra"]
[Source "ChessBase"]
[SourceDate "2021.11.30"]
[SourceVersion "1"]
[SourceVersionDate "2021.11.30"]
[SourceQuality "1"]
[WhiteTeam "Gonzaga"]
[BlackTeam "En Passant"]
[WhiteTeamCountry "IRL"]
[BlackTeamCountry "NED"]

1. e4 c5 2. Nf3 e6 3. g3 b6 4. d4 cxd4 5. Nxd4 Bb7 6. Bg2 Nf6 7. Nc3 Bb4 8. 0-0 Bxc3 9. bxc3 Bxe4 10. Bxe4 Nxe4 11. Qg4 f5 12. Qxg7 Qf6 13. Nxe6 dxe6 14. Qb7 Qe7 15. Qc8+ Qd8 16. Qxe6+ Qe7 17. Qc8+ Qd8 18. Qxf5 Nf6 19. Bg5 Nbd7 20. Rad1 0-0 21. Bxf6 Qxf6 22. Qg4+ Kh8 23. Rxd7 Rac8 24. Qe4 1-0

[Event "Newcastle Northumbria Masters GM"]
[Site "Newcastle on Tyne"]
[Date "2021.08.29"]
[Round "7"]
[White "Murphy, Conor"]
[Black "Haria, Ravi"]
[Result "1-0"]
[WhiteElo "2382"]
[BlackElo "2440"]
[PlyCount "71"]
[EventDate "2021.08.26"]
[EventType "tourn"]
[EventRounds "9"]
[EventCountry "ENG"]
[EventCategory "8"]
[SourceTitle "CBM 204 Extra"]
[Source "ChessBase"]
[SourceDate "2021.11.30"]
[SourceVersion "1"]
[SourceVersionDate "2021.11.30"]
[SourceQuality "1"]

1. d4 e6 2. c4 Nf6 3. Nc3 Bb4 4. e3 0-0 5. Bd3 d5 6. Nge2 dxc4 7. Bxc4 e5 8. 0-0 Nc6 9. d5 Ne7 10. a3 Bd6 11. Ng3 c6 12. dxc6 Nxc6 13. b4 Qe7 14. Nce4 Nxe4 15. Nxe4 Bc7 16. Qb3 Qh4 17. f3 Bf5 18. Bb2 Rad8 19. Bd5 Bb6 20. Rad1 Qh6 21. Nc5 a5 22. Kh1 axb4 23. axb4 Bc8 24. e4 Bc7 25. Qc4 Bb8 26. b5 Nd4 27. Nxb7 Rxd5 28. Qxd5 Ne2 29. Rfe1 Nf4 30. Qc6 Qg5 31. g3 Bh3 32. Ba3 Bg2+ 33. Kg1 Bxf3 34. Bxf8 Nh3+ 35. Kf1 Bxd1 36. Be7 1-0

[Event "London Wood Green"]
[Site "London"]
[Date "2021.08.19"]
[Round "1"]
[White "Blackburn, Jonathan LB"]
[Black "Haria, Ravi"]
[Result "0-1"]
[WhiteElo "2235"]
[BlackElo "2440"]
[PlyCount "128"]
[EventDate "2021.08.19"]
[EventType "tourn"]
[EventRounds "9"]
[EventCountry "ENG"]
[EventCategory "7"]
[SourceTitle "CBM 203 Extra"]
[Source "ChessBase"]
[SourceDate "2021.09.30"]
[SourceVersion "1"]
[SourceVersionDate "2021.09.30"]
[SourceQuality "1"]

1. d4 e6 2. c4 Nf6 3. Nc3 Bb4 4. e3 0-0 5. Bd3 d5 6. Nf3 c5 7. 0-0 b6 8. Qe2 Bb7 9. Rd1 Nbd7 10. a3 Bxc3 11. bxc3 dxc4 12. Bxc4 Qc7 13. a4 Rac8 14. Bd3 e5 15. Nxe5 Nxe5 16. dxe5 Qxe5 17. f4 Qc7 18. c4 Ne4 19. Bb2 f6 20. a5 Rce8 21. axb6 axb6 22. Qg4 Rf7 23. h4 Bc8 24. Qf3 Rfe7 25. h5 Nd6 26. h6 Rxe3 27. Qd5+ Be6 28. Bxh7+ Kxh7 29. Qxd6 Qxd6 30. Rxd6 Rb3 31. Bc1 Bxc4 32. hxg7 Kxg7 33. f5 Re7 34. Bf4 Kf7 35. Rad1 Be2 36. Re1 Bd3 37. Rxe7+ Kxe7 38. g4 Rb4 39. Bg3 Bc4 40. Rc6 Bd5 41. Rc7+ Kf8 42. Rc8+ Kg7 43. Rc7+ Kh6 44. Rd7 Rxg4 45. Kf2 Rd4 46. Rd6 b5 47. Be5 Rd3 48. Bxf6 Kh5 49. Ke2 c4 50. Be7 b4 51. Rb6 b3 52. f6 Kg6 53. Rb5 Bf3+ 54. Kf2 Bc6 55. Rb6 c3 56. Ke2 Rd2+ 57. Ke3 b2 58. Ba3 Bd5 59. Rb5 Bc4 60. Rb6 Bd5 61. Rb5 Rd1 62. Bxb2 Rb1 63. Rxd5 cxb2 64. f7 Kxf7 0-1